000
00306nam a2200133Ia 4500
005
20251222154408.0
008
251222s9999||||xx |||||||||||||| ||spa||
020
_a
9788420637259
082
_a
201/O88
100
_a
Otto, Rudolf
245
0
_a
Lo Santo:
264
_b
Alianza Editorial, S.A.
942
_c
LIB
999
_c
35546
_d
35546